[Event "Decin op-A"]
[Site "Decin"]
[Date "1998.??.??"]
[Round "5"]
[White "Solodovnichenko, Yuri"]
[Black "Chernyshov, Konstantin"]
[Result "1-0"]
[WhiteElo "2415"]
[BlackElo "2485"]

1.e4 c5 2.Nf3 Nc6 3.Bb5 e6 4.O-O Nge7 5.b3 a6 6.Bxc6 Nxc6 7.Bb2 d6 8.d4 cxd4
9.Nxd4 Bd7 10.Re1 Qb6 11.c4 Ne5 12.Nc2 g5 13.Bd4 Qa5 14.Bc3 Qc7 15.Nd2 b5
16.Ne3 Bg7 17.Rc1 b4 18.Bd4 Rg8 19.Ndf1 Bc6 20.Ng3 a5 21.Nd5 Qb7 22.Nh5 exd5
23.exd5 Bd7 24.Nxg7+ Rxg7 25.Bxe5 dxe5 26.c5 Bb5 27.c6 Qb6 28.Rxe5+ Kf8 29.Qg4 f6
30.Re6 Rf7 31.h3 Rc8 32.Rxf6 Rxf6 33.Qxc8+ Kg7 34.Qb7+ Qxb7 35.cxb7 Rb6 36.Rc7+ Kf6
37.Rc6+  1-0

[Event "Decin op-A"]
[Site "Decin"]
[Date "1998.??.??"]
[Round "7"]
[White "Sleich, Jan"]
[Black "Chernyshov, Konstantin"]
[Result "0-1"]
[WhiteElo "2230"]
[BlackElo "2485"]

1.e4 c5 2.Nf3 Nc6 3.Bb5 e6 4.O-O Nge7 5.c3 a6 6.Ba4 b5 7.Bc2 d5 8.d4 cxd4
9.exd5 Nxd5 10.Nxd4 Nxd4 11.Qxd4 Bb7 12.Nd2 Qc7 13.Nf3 O-O-O 14.Rd1 Bc5 15.Qe5 Qxe5
16.Nxe5 Rhf8 17.a4 f6 18.Nd3 Bd6 19.axb5 axb5 20.Ra5 Bc6 21.Ra7 Rd7 22.Rxd7 Kxd7
23.Nf4 Ke7 24.Nxd5+ Bxd5 25.Be3 Ra8 26.Bxh7 Bb3 27.Be4 Ra4  0-1

[Event "Decin op-A"]
[Site "Decin"]
[Date "1998.??.??"]
[Round "7"]
[White "Solodovnichenko, Yuri"]
[Black "Kernazhitsky, Leonid"]
[Result "1/2-1/2"]
[WhiteElo "2415"]
[BlackElo "2425"]

1.e4 c5 2.Nf3 Nc6 3.Bb5 e6 4.O-O Nge7 5.b3 Nd4 6.Bc4 Nec6 7.Bb2 Be7 8.Nxd4 cxd4
9.c3 O-O 10.cxd4 d5 11.exd5 exd5 12.Bb5 Qb6 13.Bxc6 bxc6 14.Qc2 Ba6 15.Rc1 Rac8
16.Nc3 Qxd4 17.Na4 Qf4 18.Nc5 Bxc5 19.Qxc5 Qxd2 20.Bc3 Qg5 21.Qxa7 Bd3 22.Qd4 Be4
23.f3 Bxf3 24.Qxg7+ Qxg7 25.Bxg7 Kxg7 26.gxf3 Rfe8 27.Kf2 c5 28.Rc2 c4 29.bxc4 Rxc4
30.Rd2 Ra8 31.Rxd5  1/2-1/2

[Event "Decin op-A"]
[Site "Decin"]
[Date "1998.??.??"]
[Round "7"]
[White "Raudive, Aivars"]
[Black "Kamenets, Anatolij"]
[Result "0-1"]
[WhiteElo "2265"]
[BlackElo "2305"]

1.e4 c5 2.Nf3 Nc6 3.Bb5 g6 4.O-O Bg7 5.c3 Nf6 6.Re1 O-O 7.h3 d5 8.e5 Ne8
9.d4 cxd4 10.cxd4 Bd7 11.Nc3 Nc7 12.Bf1 a6 13.Be3 b6 14.Rc1 Qb8 15.Qd2 Qb7
16.Bh6 Rac8 17.h4 Na7 18.h5 Nab5 19.Ne2 Ne6 20.Ra1 Rc7 21.a4 Na7 22.b4 Rfc8
23.Ra2 Rc4 24.Rb1 R8c7 25.Bxg7 Kxg7 26.Ng3 Rc3 27.Bd3 b5 28.a5 Rc8 29.Ne2 R3c7
30.Kh2 Nc6 31.Rab2 Qa7 32.Qe3 Rh8 33.Rc1 Ncd8 34.Rh1 Nf8 35.Bb1 Qb7 36.Ba2 h6
37.Nf4 Be6 38.hxg6 fxg6 39.Nh4 Qc6 40.Nd3 g5 41.Nf3 Qa8 42.Nc5 Ng6 43.Bb1 Qc8
44.Ba2 Bg8 45.Rc1 e6 46.Rbc2 Ne7 47.Qd2 Bh7 48.Rc3 Rf8 49.Kg1 Rc6 50.Nh2 Bf5
51.Bb3 Nb7 52.Rg3 Nxc5 53.bxc5 Kh7 54.Bd1 Rc7 55.Rcc3 Nc6 56.f4 Rg7 57.fxg5 Rfg8
58.Nf3 Nxa5 59.Bc2 Nc4 60.Qc1 Qf8  0-1

[Event "Decin op-A"]
[Site "Decin"]
[Date "1998.??.??"]
[Round "9"]
[White "Kolybin, Alexei V"]
[Black "Shurygin, Sergey"]
[Result "0-1"]
[WhiteElo "2360"]
[BlackElo "2305"]

1.e4 c5 2.Nf3 Nc6 3.Bb5 g6 4.O-O Bg7 5.Re1 Nf6 6.e5 Nd5 7.d3 O-O 8.Bxc6 dxc6
9.h3 Nc7 10.b3 Ne6 11.Bb2 b6 12.Nbd2 Nd4 13.Ne4 Bf5 14.Ng3 Be6 15.c4 Nxf3+
16.Qxf3 Qd7 17.Rad1 Rad8 18.Qe4 Bf5 19.Qe3 Qc8 20.Nh1 Be6 21.g4 Rde8 22.f3 f5
23.exf6 exf6 24.Qf4 Rf7 25.Nf2 Qc7 26.Qxc7 Rxc7 27.Ne4 f5 28.Bxg7 Kxg7 29.Nf2 fxg4
30.hxg4 h5 31.gxh5 gxh5 32.Re5 Bf7 33.Rxe8 Bxe8 34.Ne4 Bg6 35.Kf2 Rd7 36.Ke2 Rf7
37.Ke3 Rf5 38.Rh1 Kh6 39.Rh2 Rf7 40.Rh4 Re7 41.Rh2 Re5 42.Rf2 Re7 43.Kf4 Rd7
44.Ke5 Rxd3 45.f4 Bxe4 46.Kxe4 Rd1 47.Kf5 h4 48.Kg4 Kg6 49.Kxh4 Kf5 50.Re2 Kxf4
51.Rf2+ Ke5 52.Rf7 a6 53.Ra7 b5 54.Rxa6 bxc4 55.bxc4 Kd4 56.Kg3 Kxc4 57.Kf2 Rd6
58.Ke3 Kc3 59.Rb6 c4 60.a4 Re6+ 61.Kf4 Kd3 62.Kf5 Rh6 63.a5 c3 64.a6 c2 65.a7 c1=Q
66.a8=Q Qf1+ 67.Kg5 Qf6+  0-1

[Event "Dieren op"]
[Site "Dieren"]
[Date "1998.??.??"]
[Round "3"]
[White "Etmans, Maarten D"]
[Black "Tsifanskaya, Ludmila A"]
[Result "0-1"]
[WhiteElo "2145"]
[BlackElo "2225"]

1.e4 c5 2.Nf3 Nc6 3.Bb5 g6 4.O-O Bg7 5.Bxc6 dxc6 6.c3 Nf6 7.Qe2 O-O 8.d4 cxd4
9.cxd4 Bg4 10.Rd1 Qb6 11.Nc3 Rad8 12.d5 cxd5 13.e5 Nd7 14.Nxd5 Qe6 15.Bg5 Nxe5
16.Nxe7+ Kh8 17.Qe3 Rxd1+ 18.Rxd1 Bxf3 19.gxf3 f6  0-1

[Event "Dieren op"]
[Site "Dieren"]
[Date "1998.??.??"]
[Round "7"]
[White "Dzhumaev, Murat"]
[Black "Van der Weide, Karel"]
[Result "1-0"]
[WhiteElo "2400"]
[BlackElo "2450"]

1.e4 c5 2.Nf3 Nc6 3.Bb5 g6 4.O-O Bg7 5.c3 e5 6.d4 cxd4 7.cxd4 exd4 8.Bf4 Nge7
9.Bd6 O-O 10.Na3 a6 11.Bc4 b5 12.Bb3 Bb7 13.Rc1 h6 14.h4 Kh8 15.h5 g5 16.Qd3 f5
17.exf5 Rf6 18.Be5 Nxe5 19.Nxe5 Nc6 20.Ng4 Qe8 21.Nxf6 Bxf6 22.Qf3 g4 23.Qxg4 Ne5
24.Qh3 Rc8 25.Rxc8 Qxc8 26.Qg3 Be4 27.Qf4  1-0

[Event "Sparkasse GM"]
[Site "Dortmund"]
[Date "1998.??.??"]
[Round "?"]
[White "Dergatschova Daus, Anna"]
[Black "Mainka, Romuald"]
[Result "0-1"]
[WhiteElo "2220"]
[BlackElo "2500"]

1.e4 c5 2.Nf3 Nc6 3.Bb5 d6 4.c3 Nf6 5.Qe2 Bg4 6.d3 e6 7.Nbd2 Be7 8.h3 Bh5
9.O-O O-O 10.Bxc6 bxc6 11.g4 Bg6 12.Nh2 Nd7 13.f4 f5 14.Ndf3 Kh8 15.Re1 Bh4
16.Nxh4 Qxh4 17.Kg2 fxg4 18.hxg4 c4 19.Be3 cxd3 20.Qxd3 d5 21.f5 Ne5 22.Qe2 exf5
23.exf5 Bxf5 24.gxf5 Rxf5 25.Bf2 Qf6 26.Bg3 Qg6 27.Rac1 h5 28.Qc2 h4 29.Re3 Raf8
30.Nf1 hxg3 31.Rxg3 Rf2+ 32.Qxf2 Qe4+ 33.Rf3 Rxf3 34.Qc2 Nd3 35.Ng3 Rf2+
36.Kh3 Qg2+  0-1

[Event "Dos Hermanas op"]
[Site "Dos Hermanas"]
[Date "1998.??.??"]
[Round "8"]
[White "Spraggett, Kevin"]
[Black "Perez Garcia, R."]
[Result "1-0"]
[WhiteElo "2565"]
[BlackElo "2085"]

1.e4 c5 2.Nf3 Nc6 3.Bb5 e6 4.c3 a6 5.Ba4 b5 6.Bc2 Bb7 7.Qe2 c4 8.b3 d5 9.exd5 Qxd5
10.bxc4 Qxc4 11.Qxc4 bxc4 12.Na3 Bxa3 13.Bxa3 Nge7 14.Rb1 Rb8 15.Bd6  1-0

[Event "Dos Hermanas op"]
[Site "Dos Hermanas"]
[Date "1998.??.??"]
[Round "9"]
[White "Magem Badals, Jorge"]
[Black "Franco Ocampo, Zenon"]
[Result "0-1"]
[WhiteElo "2535"]
[BlackElo "2465"]

1.e4 c5 2.Nf3 Nc6 3.Bb5 e6 4.c3 Nge7 5.O-O a6 6.Be2 d5 7.exd5 Nxd5 8.d4 cxd4
9.Nxd4 Bd7 10.Bf3 Nxd4 11.Qxd4 Bc6 12.Nd2 Ne7 13.Qg4 Qd3 14.Bxc6+ Nxc6 15.Nf3 Rd8
16.Be3 Rd7 17.Qa4 Qb5 18.Qc2 Be7 19.Rad1 Rc7 20.a4 Qc4 21.Bb6 Rc8 22.b3 Qf4
23.c4 h6 24.h3 O-O 25.Rd7 Qb8 26.Qe4 Bd6 27.Rd1 Bc7 28.Be3 Rcd8 29.Qg4 Kh8
30.Qh5 Kg8 31.Qg4 Kh8 32.Qh5 Kg8 33.Bxh6 gxh6 34.Qxh6 Rxd7 35.Rxd7 Rd8 36.Qg5+ Kf8
37.Qh6+ Ke8 38.Rd2 Rxd2 39.Qxd2 Qd8 40.Qe2 Qf6 41.Qd1 a5 42.g3 Bb6 43.Kg2 Qb2
44.Nd2 Ke7 45.Ne4 Qd4 46.Qf3 f5 47.Ng5 Qd2 48.h4 Bd4 49.Kf1 Kd6 50.Nf7+ Kd7
51.Ng5 Bf6 52.Nh3 Qc3 53.Qh5 Qxb3 54.Qf7+ Be7 55.Nf4 Qxc4+ 56.Kg1 Ne5 57.Qg7 Qe4
58.h5 Ng4  0-1

[Event "BUL-ch"]
[Site "Dupnica"]
[Date "1998.??.??"]
[Round "4"]
[White "Bojkov, Dejan"]
[Black "Alexandrov, Vasil"]
[Result "1-0"]
[WhiteElo "2310"]
[BlackElo "2000"]

1.e4 c5 2.Nf3 Nc6 3.Bb5 d6 4.O-O Bd7 5.Re1 g6 6.c3 Bg7 7.d4 Qb6 8.Na3 cxd4
9.cxd4 Nf6 10.d5 Ne5 11.Nxe5 Bxb5 12.Qb3 Bd7 13.Nxd7 Nxd7 14.Qa4 Qd8 15.Be3 O-O
16.Nc4 Nb6 17.Nxb6 axb6 18.Qb3 b5 19.Qxb5 Qa5 20.Qxb7 Bf6 21.b4 Qa4 22.Rab1 Rfb8
23.Qc6 Qxa2 24.b5 Rc8 25.b6 Rab8 26.b7 Rxc6 27.dxc6 Qa5 28.Bb6 Qa6 29.Ba7 Qxa7
30.c7 Bd4 31.c8=Q+ Kg7 32.Re2 Bc5 33.Qxb8  1-0

[Event "BUL-ch"]
[Site "Dupnica"]
[Date "1998.??.??"]
[Round "8"]
[White "Stavrev, Nikolai"]
[Black "Alexandrov, Vasil"]
[Result "1/2-1/2"]
[WhiteElo "2310"]
[BlackElo "2000"]

1.e4 c5 2.Nf3 Nc6 3.Bb5 g6 4.O-O Bg7 5.c3 Nf6 6.Qe2 O-O 7.Rd1 a6 8.Bxc6 dxc6
9.h3 Qc7 10.d4 cxd4 11.cxd4 Rd8 12.Nc3 Qa5 13.Bd2 Qh5 14.Rac1 Be6 15.e5 Nd7
16.Ne4 Bd5 17.Rc3 Bxe4 18.Qxe4 Qf5 19.Qxf5 gxf5 20.Rb3 c5 21.Rxb7 cxd4 22.Ba5 Rab8
23.Ra7 Ra8 24.Bxd8 Rxa7 25.Nxd4 Nxe5 26.Nxf5 Nc6 27.Bb6 Rb7 28.Be3 Bxb2 29.Rd5 Rb5
30.Nh6+ Kg7 31.Rd7 Bf6 32.g4 Kg6 33.Rc7 Ne5 34.Kg2 Bg5 35.Bxg5 Kxg5 36.Nf5 Kf6
37.Nxe7 Ra5 38.f4 Rxa2+ 39.Kg3 Ra3+ 40.Kg2 Ra2+ 41.Kg3 Ra3+ 42.Kh4 Ng6+ 43.Nxg6 hxg6
44.Rc6+ Ke7 45.Kg5 Rxh3 46.Rxa6 Rb3 47.Kh6 Rb4 48.Kg5 Rb5+ 49.f5 gxf5 50.gxf5 Rc5
51.Ra8 Rb5  1/2-1/2

[Event "SCO Congress"]
[Site "Edinburgh"]
[Date "1998.??.??"]
[Round "5"]
[White "Paterson, Graham"]
[Black "Muir, Andrew J"]
[Result "1-0"]
[WhiteElo "2185"]
[BlackElo "2305"]

1.e4 c5 2.Nf3 Nc6 3.Bb5 g6 4.O-O Bg7 5.Re1 e5 6.c3 Nge7 7.d3 O-O 8.Nbd2 d6
9.Nf1 h6 10.Ng3 Be6 11.Bc4 Qd7 12.Be3 Na5 13.Bxe6 Qxe6 14.b4 cxb4 15.cxb4 Nac6
16.b5 Nd4 17.Nxd4 exd4 18.Bd2 a6 19.a4 Rfc8 20.Rc1 Qa2 21.bxa6 bxa6 22.Bb4 Rxc1
23.Qxc1 Qxa4 24.Bxd6 Nc6 25.e5 Qb5 26.e6 fxe6 27.Rxe6 Qd5 28.Rxg6 Kh7 29.Rg4 Rd8
30.Bf4 Nb4 31.Qd2 Qb5 32.h3 Nxd3 33.Nh5 Bh8 34.Kh2 Nxf4 35.Nxf4 d3 36.Qa2 Qe8
37.Qxa6 Be5 38.Qb7+ Kh8 39.g3 d2 40.Ng6+ Qxg6 41.Rxg6 d1=Q 42.Rxh6+ Kg8 43.Qh7+ Kf8
44.Qf5+ Ke7 45.Qxe5+  1-0

[Event "Centrocoop June op-A"]
[Site "Eforie Nord "]
[Date "1998.??.??"]
[Round "?"]
[White "Nagaev, Serghey"]
[Black "Moshina, Cristina"]
[Result "1-0"]
[WhiteElo "2000"]
[BlackElo "2135"]

1.e4 c5 2.Nf3 Nc6 3.Bb5 g6 4.O-O Bg7 5.c3 e5 6.d3 Nge7 7.Be3 d6 8.d4 cxd4
9.cxd4 exd4 10.Bxd4 O-O 11.Bxg7 Kxg7 12.Nc3 Bg4 13.h3 Bxf3 14.Qxf3 Nd4 15.Qd3 Nxb5
16.Qxb5 b6 17.Rad1 Qc7 18.Rd2 f5 19.e5 a6 20.exd6 Qxc3 21.Qe2 Qf6 22.dxe7 Rfe8
23.Rd7 b5 24.Rfd1 f4 25.R1d6 Qf7 26.Qe5+ Kg8 27.Rf6 Qg7 28.Qd5+ Kh8 29.Qxa8  1-0

[Event "Centrocoop June op-A"]
[Site "Eforie Nord "]
[Date "1998.??.??"]
[Round "?"]
[White "Nagaev, Serghey"]
[Black "Manea, Alexandru"]
[Result "1/2-1/2"]
[WhiteElo "2000"]
[BlackElo "2220"]

1.e4 c5 2.Nf3 Nc6 3.Bb5 g6 4.O-O Bg7 5.c3 a6 6.Bxc6 dxc6 7.d3 Nf6 8.Be3 c4
9.e5 Ng4 10.d4 Bf5 11.Bf4 h5 12.Nbd2 Qd5 13.b3 Bd3 14.bxc4 Bxc4 15.Nxc4 Qxc4
16.Qd2 Rd8 17.Rfb1 b5 18.a4 Nh6 19.axb5 axb5 20.Rb4 Qd5 21.Ra5 Nf5 22.c4 Qd7
23.cxb5 c5 24.dxc5 Qc7 25.b6 Rxd2 26.Bxd2 Qb8 27.c6 O-O 28.b7 Qd8 29.Ra8 Qxa8
30.bxa8=Q Rxa8 31.g4 Ra1+ 32.Kg2 hxg4 33.c7 gxf3+ 34.Kxf3 Ra3+ 35.Ke4 Kh7
36.c8=Q Rh3 37.Bf4 e6 38.Rb8 Nd6+ 39.Kd4 Nxc8 40.Rxc8 Rh4 41.Ke3 Bh6 42.Bxh6 Rxh6
43.f4 Rxh2 44.Rc7 Kg7 45.Kf3 Rh3+ 46.Kg4 Rh5 47.Rc1 Rf5 48.Re1 Kh6 49.Rh1+ Kg7
50.Re1 Kh6 51.Rh1+ Rh5 52.Rh4 Rxh4+ 53.Kxh4 Kh7 54.Kg4 Kg7 55.Kg5 Kh7 56.Kh4 Kh6
57.Kg4 g5 58.f5  1/2-1/2

[Event "Centrocoop June op-A"]
[Site "Eforie Nord "]
[Date "1998.??.??"]
[Round "?"]
[White "Nagaev, Serghey"]
[Black "Loktionova, Natalia"]
[Result "1-0"]
[WhiteElo "2000"]
[BlackElo "2250"]

1.e4 c5 2.Nf3 Nc6 3.Bb5 g6 4.O-O Bg7 5.c3 Nf6 6.e5 Nd5 7.d4 cxd4 8.cxd4 O-O
9.Nc3 Nc7 10.Bc4 d6 11.exd6 Qxd6 12.d5 Na5 13.Be2 b6 14.Ng5 Rd8 15.Qa4 Bf5
16.Rd1 Qd7 17.Qh4 h6 18.Nf3 g5 19.Nxg5 hxg5 20.Bxg5 Re8 21.Bd3 Nb7 22.Bh6 Bg6
23.f4 Nd6 24.Bxg7 Kxg7 25.g4 Bxd3 26.Rxd3 Rh8 27.Qg5+ Kf8 28.h3 Qe8 29.f5 f6
30.Qf4 Ncb5 31.Re1 Nf7 32.Rde3 Ne5 33.Rxe5 fxe5 34.Qxe5 Rh7 35.Ne4 Rg7 36.a4 Nd6
37.Nxd6 Qxa4 38.f6 Rxg4+ 39.hxg4 Qxg4+ 40.Kf2 Qh4+ 41.Kf3 Qh3+ 42.Ke2 Qg2+
43.Kd1 Qf3+ 44.Kd2 Qf2+ 45.Kd3 Qf3+ 46.Re3 Qf1+ 47.Kd4 Qd1+ 48.Kc3 Qc1+ 49.Kb3 Qd1+
50.Ka3 Qa1+ 51.Kb4 a5+ 52.Kb5 Qf1+ 53.Kc6 Qc1+ 54.Rc3  1-0

[Event "Centrocoop June op-A"]
[Site "Eforie Nord "]
[Date "1998.??.??"]
[Round "?"]
[White "Sharovatova, Anastasia"]
[Black "Podgurkii, Stepan"]
[Result "0-1"]
[WhiteElo "2000"]
[BlackElo "2165"]

1.e4 c5 2.Nf3 Nc6 3.Bb5 d6 4.d4 cxd4 5.Qxd4 Bd7 6.Bxc6 Bxc6 7.Nc3 Nf6 8.Bg5 e6
9.O-O-O Be7 10.Rhe1 O-O 11.Qd2 Qa5 12.Kb1 Qa6 13.Nd4 Rfc8 14.g4 h6 15.Bxf6 Bxf6
16.f4 b5 17.g5 hxg5 18.fxg5 Be5 19.a3 Be8 20.Na2 Rc4 21.Nf3 Rac8 22.Nxe5 dxe5
23.Rc1 Qb7 24.Qg2 a5 25.Re3 b4 26.Qh3 Qc6 27.Qg2 Qc5 28.Rh3 Bc6 29.Qg4 Bxe4
30.Qh5 Kf8 31.Qh8+ Ke7 32.Qxg7 Rxc2 33.Qf6+ Kd6 34.Nc3 Rxc3+  0-1

[Event "Centrocoop June op-A"]
[Site "Eforie Nord "]
[Date "1998.??.??"]
[Round "?"]
[White "Khruschiov, Alexey"]
[Black "Bogdan, Dan"]
[Result "1/2-1/2"]
[WhiteElo "2215"]
[BlackElo "2410"]

1.e4 c5 2.Nf3 Nc6 3.Bb5 g6 4.Bxc6 bxc6 5.O-O Bg7 6.Re1 e5 7.c3 Ne7 8.d4 cxd4
9.cxd4 exd4 10.Nxd4 O-O 11.Nc3 Rb8 12.Bf4 Rb4 13.e5 Nd5 14.Nxd5 cxd5 15.Qd2 Qb6
16.Nb3 d4 17.Re4 d6 18.exd6 Bf5 19.Re7 a5 20.Rc1 a4 21.Nc5 Rxb2 22.Nxa4 Rxd2
23.Nxb6 Rb2 24.Nd5 d3 25.h3 Re2 26.Rxe2 dxe2 27.Ne7+ Kh8 28.Nxf5 Bc3 29.Be5+ Bxe5
30.Ng3  1/2-1/2

[Event "Centrocoop June op-A"]
[Site "Eforie Nord "]
[Date "1998.??.??"]
[Round "?"]
[White "Khokhlov, Veceslav"]
[Black "Vioreanu, Bogdan"]
[Result "1-0"]
[WhiteElo "2175"]
[BlackElo "2030"]

1.e4 c5 2.Nf3 Nc6 3.Bb5 g6 4.O-O Bg7 5.Re1 Nf6 6.e5 Nd5 7.Bxc6 dxc6 8.d4 Bg4
9.dxc5 Qa5 10.Nbd2 Qxc5 11.Ne4 Bxf3 12.gxf3 Qb5 13.a4 Qb6 14.c4 Nc7 15.Nf6+ Bxf6
16.exf6 Ne6 17.fxe7 Qc5 18.Be3 Qxe7 19.Qb3 O-O-O 20.a5 c5 21.Qb5 a6 22.Qb6 Rd6
23.Qa7 Qc7 24.Red1 Rhd8 25.Rxd6 Qxd6 26.Kg2 Kc7 27.b4 f5 28.bxc5 Qc6 29.Rb1 Rd3
30.Rb6 Nf4+ 31.Bxf4+  1-0

[Event "Centrocoop June op-A"]
[Site "Eforie Nord "]
[Date "1998.??.??"]
[Round "?"]
[White "Kabanov, Nikolai"]
[Black "Kovchan, Alexander"]
[Result "0-1"]
[WhiteElo "2335"]
[BlackElo "2350"]

1.e4 c5 2.Nf3 Nc6 3.Bb5 g6 4.O-O Bg7 5.c3 e5 6.b4 cxb4 7.d4 exd4 8.cxd4 Nge7
9.Bg5 h6 10.Bh4 O-O 11.a3 Qb6 12.Bc4 g5 13.Bg3 g4 14.Nfd2 Qxd4 15.Ra2 d5
16.exd5 Nxd5 17.axb4 Ncxb4 18.Ra3 Bf5 19.Nc3  0-1

[Event "Centrocoop Sept op-A"]
[Site "Eforie Nord"]
[Date "1998.??.??"]
[Round "?"]
[White "Khruschiov, Alexey"]
[Black "Nutiu, Mihail"]
[Result "0-1"]
[WhiteElo "2210"]
[BlackElo "2085"]

1.e4 c5 2.Nf3 Nc6 3.Bb5 g6 4.Bxc6 bxc6 5.O-O Bg7 6.Re1 e5 7.c3 Ne7 8.d4 cxd4
9.cxd4 exd4 10.Nxd4 O-O 11.Nc3 Rb8 12.Nb3 d5 13.Be3 dxe4 14.Bxa7 Rb7 15.Qxd8 Rxd8
16.Bc5 Nd5 17.Na4 Be6 18.Ba3 Ra7 19.Nac5 Bf5 20.h3 Nf4 21.Rad1 Rd5 22.Kh2 Be5
23.g3 Ne6 24.f4 Bc7 25.Nxe6 Bxe6 26.Rc1 Bd6 27.Rxe4 Bxa3 28.bxa3 Rxa3 29.Re2 Rd6
30.Rb1 Rd3 31.Rc2 h5 32.h4 Bd5 33.Rg1 Kg7 34.Rb2 Bxb3 35.axb3 Raxb3 36.Rxb3 Rxb3
37.Rc1 Rb6 38.Kh3 Kf6 39.Rc3 Ke6 40.g4 hxg4+ 41.Kxg4 Kd6 42.Rd3+ Kc7 43.f5 c5
44.fxg6 fxg6 45.Kg5 c4 46.Rc3 Rc6 47.Kf4 Kd6 48.Ke3 Ke5 49.Kd2 Rd6+ 50.Kc2 Rd4
51.Rh3 Kf5 52.Rh1 Kg4 53.Kc3 Re4 54.h5 gxh5 55.Rg1+ Kf5 56.Rg8 h4 57.Rh8 Kg4
58.Rg8+ Kf3 59.Rf8+ Kg3 60.Kd2 h3 61.Rg8+ Rg4  0-1

[Event "Centrocoop Sept op-A"]
[Site "Eforie Nord"]
[Date "1998.??.??"]
[Round "?"]
[White "Khruschiov, Alexey"]
[Black "Biro, Andras"]
[Result "0-1"]
[WhiteElo "2210"]
[BlackElo "2250"]

1.e4 c5 2.Nf3 Nc6 3.Bb5 g6 4.Bxc6 dxc6 5.d3 Bg7 6.h3 Nf6 7.Nbd2 O-O 8.O-O Qc7
9.a4 b6 10.a5 b5 11.Qe2 Nh5 12.Nb3 Nf4 13.Qe3 c4 14.Qxf4 Qxf4 15.Bxf4 cxb3
16.cxb3 Bxb2 17.Ra2 Bg7 18.Rc2 Bd7 19.b4 f6 20.Be3 e5 21.Rfc1 Rfc8 22.Bc5 Be6
23.d4 Bb3 24.Rd2 Bc4 25.Rcd1  0-1

[Event "Centrocoop Sept op-A"]
[Site "Eforie Nord"]
[Date "1998.??.??"]
[Round "?"]
[White "Kharitonov, Alexander"]
[Black "Manescu, Tiberiu"]
[Result "1-0"]
[WhiteElo "2265"]
[BlackElo "2090"]

1.e4 c5 2.Nf3 Nc6 3.Bb5 g6 4.Bxc6 dxc6 5.h3 e5 6.d3 f6 7.Be3 Nh6 8.Nc3 Nf7
9.Qd2 Be6 10.h4 Qa5 11.Ne2 Qxd2+ 12.Nxd2 O-O-O 13.O-O-O b6 14.f3 h5 15.Kb1 Bh6
16.Bf2 Rd7 17.b3 Rhd8 18.Nc4 Bf8 19.Ne3 b5 20.Nc1 c4 21.dxc4 bxc4 22.Rxd7 Rxd7
23.Rd1 Nd6 24.Ne2 Bh6 25.Ka1 a5 26.Nc3 Nb5 27.Rxd7 Kxd7 28.Na4 c3 29.Nc5+ Ke7
30.Kb1 Bc8 31.Nc4 Bd2 32.a4 Nd4 33.Nxa5 Kd6 34.b4 Kc7 35.Nc4 Be6 36.Nxe6+ Nxe6
37.Ka2 Nf4 38.g4 Nh3 39.Bg3 Bf4 40.Bxf4 exf4 41.gxh5 gxh5 42.e5 fxe5 43.Nxe5 Kd6
44.Nd3 Ng1 45.Nxf4 Nxf3 46.Kb3 Nxh4 47.Nxh5 Nf5 48.Kxc3 Kc7 49.Nf4 Kb6 50.Ne6 Ne3
51.Kb3 Nf1 52.c4 Ne3 53.a5+ Ka6 54.Kc3 Nf5 55.Kd3 Ne7 56.Kd4 Nf5+ 57.Kc5 Ne3
58.Nd8  1-0

[Event "Centrocoop Sept op-A"]
[Site "Eforie Nord"]
[Date "1998.??.??"]
[Round "?"]
[White "Ionescu Brandis, Irina"]
[Black "Breahna, Radu"]
[Result "1/2-1/2"]
[WhiteElo "2345"]
[BlackElo "2345"]

1.e4 c5 2.Nf3 Nc6 3.Bb5 g6 4.O-O Bg7 5.Re1 e5 6.Bxc6 dxc6 7.h3 Be6 8.d3 Qe7
9.Qe2 f6 10.a3 Bh6 11.Nbd2 Bf4 12.b4 Nh6 13.bxc5 g5 14.Rb1 O-O-O 15.Nb3 Bxb3
16.Rxb3 Qxc5 17.Bxf4 gxf4 18.Reb1 Rd7 19.c3 Rg8 20.d4 Qe7 21.Rb4 Qg7 22.Ne1 Nf7
23.Ra4 a6 24.f3 Nd6 25.c4 exd4 26.Nd3 Qg5 27.Rb2 Rdg7 28.Qd2 Qg3 29.Qxf4 Qxh3
30.Ne1 Qg3 31.Qxg3 Rxg3 32.c5 Nb5 33.Rab4 a5 34.Ra4 d3 35.Rxa5 Kb8 36.Kf1 Rd8
37.Rd2 Rg5 38.Rxd3 Rxd3 39.Nxd3 Nc3 40.Nf4 b5 41.Nd3 Na4 42.f4 Rg3 43.Ke2 Nc3+
44.Kd2 Nxe4+ 45.Kc2 Rxg2+ 46.Kb3 Nd2+ 47.Kc3 Nc4 48.Ra6 Kb7 49.Nb4 Rg3+ 50.Kd4  1/2-1/2

[Event "Centrocoop Sept op-A"]
[Site "Eforie Nord"]
[Date "1998.??.??"]
[Round "?"]
[White "Deseatnicov, Ivan"]
[Black "Luputi, S."]
[Result "1-0"]
[WhiteElo "2185"]
[BlackElo "2010"]

1.e4 c5 2.Nf3 Nc6 3.Bb5 g6 4.O-O Bg7 5.Re1 Nh6 6.c3 Qc7 7.d4 a6 8.Bf1 d6
9.h3 b6 10.Be3 e5 11.dxc5 dxc5 12.Bc4 Ne7 13.Qd2 Neg8 14.Bd5 Bb7 15.Bxb7 Qxb7
16.Rd1 f6 17.Qd6 Nf7 18.Qe6+ Ne7 19.Na3 Rc8 20.Nc4 Rc6 21.Nd6+ Nxd6 22.Rxd6 Rxd6
23.Qxd6 Kf7 24.Nd2 Rc8 25.Nc4 Rc6 26.Qd8 Ke6 27.Rd1 Qc8 28.Rd6+  1-0

[Event "Centrocoop Sept op-B"]
[Site "Eforie Nord"]
[Date "1998.??.??"]
[Round "?"]
[White "Manu, Daniela"]
[Black "Ivanova, Svetlana"]
[Result "0-1"]
[WhiteElo "2040"]
[BlackElo "2225"]

1.e4 c5 2.Nf3 Nc6 3.Bb5 g6 4.O-O Bg7 5.Bxc6 bxc6 6.e5 f6 7.Qe2 fxe5 8.Nxe5 d6
9.Nc4 Nh6 10.Re1 Nf5 11.c3 O-O 12.d3 e5 13.Nbd2 Kh8 14.Nf3 Be6 15.Bg5 Qd7
16.g4 Bxc4 17.dxc4 Nh6 18.Nxe5 dxe5 19.Bxh6 Bxh6 20.Qxe5+ Bg7 21.Qe6 Qxe6
22.Rxe6 Rf4 23.h3 Rb8 24.Re2 h5 25.gxh5 gxh5 26.Rd1 Rg8 27.Kf1 Rf3 28.Kg2 Rf5
29.Kh1 Rg5 30.Rf1 Rf8 31.Rg1 Rgf5 32.Re7 R8f7 33.Rxf7 Rxf7 34.Rg5 Rxf2 35.Rxh5+ Kg8
36.Rxc5 Rxb2 37.Rxc6 Rxa2 38.Rc8+ Kh7 39.c5 Ra3 40.Rc7 a5 41.Ra7 Kg6 42.c6 Be5
43.c7 Rxc3 44.Rxa5 Kf5 45.Kg2 Rxc7 46.Ra3 Rg7+ 47.Kf2 Bd4+ 48.Kf3 Rh7 49.Ra5+ Be5
50.Kg2 Ke4 51.Ra4+ Bd4 52.Ra3 Rc7 53.h4 Rc2+ 54.Kh3 Kf4 55.Ra4 Rc3+ 56.Kg2 Rg3+
57.Kh2 Rd3 58.Kg2 Kg4 59.h5 Rd2+ 60.Kf1 Kf3 61.Ke1 Rd3  0-1

[Event "Centrocoop Sept op-A"]
[Site "Eforie Nord"]
[Date "1998.??.??"]
[Round "?"]
[White "Nanu, Ciprian"]
[Black "Banea, Marian"]
[Result "1-0"]
[WhiteElo "2405"]
[BlackElo "2210"]

1.e4 c5 2.Nf3 Nc6 3.Bb5 g6 4.O-O Bg7 5.Re1 Nf6 6.c3 O-O 7.d4 d5 8.e5 Ne4
9.Bxc6 bxc6 10.Nbd2 Bf5 11.Nxe4 dxe4 12.Nh4 cxd4 13.Nxf5 gxf5 14.cxd4 c5
15.Qh5 Qxd4 16.Bf4 Qxb2 17.Qxf5 Rad8 18.Qxe4 Rd4 19.Qe3 Rfd8 20.Bg5 Qxa1
21.Rxa1 Rd1+ 22.Qe1 Rxe1+ 23.Rxe1 Bxe5 24.Bxe7 Rd2 25.Bxc5 Rxa2 26.g3 Bf6
27.h4 h5 28.Re8+ Kg7 29.Ra8 a5 30.Ra6 Bb2 31.Kg2 a4 32.Kf3 a3 33.Kf4 Bc1+
34.Kf5 Rc2 35.Bd4+ Kf8 36.Kf6 Ke8 37.Ra8+ Kd7 38.Kxf7 a2 39.Kg6 Kd6 40.Kxh5 Kd5
41.Be3 Bxe3 42.fxe3 Ke4 43.Ra3 Kf3 44.g4 Rc8 45.g5 Rh8+ 46.Kg6 Rxh4 47.Rxa2 Kxe3
48.Ra3+ Kf2 49.Kg7 Rg4 50.g6 Ke2 51.Rh3 Kf2 52.Kh7 Rg2 53.Rh6  1-0

[Event "Centrocoop Sept op-A"]
[Site "Eforie Nord"]
[Date "1998.??.??"]
[Round "?"]
[White "Sanduleac, Vasile"]
[Black "Loginov, Anton"]
[Result "1-0"]
[WhiteElo "2460"]
[BlackElo "2255"]

1.e4 c5 2.Nf3 Nc6 3.Bb5 g6 4.O-O Bg7 5.Bxc6 dxc6 6.h3 e5 7.d3 h6 8.Be3 b6
9.a4 Ne7 10.a5 Be6 11.Qd2 f5 12.Qc3 O-O 13.axb6 axb6 14.Rxa8 Qxa8 15.b4 Qc8
16.Kh2 f4 17.Bc1 c4 18.dxc4 g5 19.c5 b5 20.Rd1 Bf6 21.Rd6 Ng6 22.Qa1 g4 23.hxg4 Bxg4
24.Nbd2 Kf7 25.Bb2 Re8 26.Qa3 Be6 27.Qa1 Bg4 28.c4 bxc4 29.Qa4 Re6 30.Qa7+ Kg8
31.Qd7 Qxd7 32.Rxd7 Nf8 33.Rc7 h5 34.Nxc4 Bxf3 35.gxf3 Ng6 36.Kh3 Nh4 37.Rc8+ Kh7
38.Nd2 Ng6 39.Rc7+ Bg7 40.Nc4 Ne7 41.Nd6 Kg6 42.Nb7 Ng8 43.Nd8 Re8 44.Nxc6 Nh6
45.b5 Nf7 46.b6 Ng5+ 47.Kg2 Ne6 48.Re7  1-0

[Event "Centrocoop Sept op-B"]
[Site "Eforie Nord"]
[Date "1998.??.??"]
[Round "?"]
[White "Voicu, Carmen"]
[Black "Ivanova, Svetlana"]
[Result "1/2-1/2"]
[WhiteElo "2120"]
[BlackElo "2225"]

1.e4 c5 2.Nf3 Nc6 3.Bb5 g6 4.O-O Bg7 5.Re1 Nf6 6.d3 O-O 7.c3 a6 8.Bxc6 bxc6
9.Be3 d6 10.Nbd2 Ng4 11.Bg5 h6 12.Bh4 Rb8 13.Qc2 g5 14.Bg3 f5 15.exf5 Bxf5
16.Ne4 Nf6 17.Nfd2 Bg6 18.Rad1 Nh5 19.Nxc5 dxc5 20.Bxb8 Qxb8 21.Rxe7 Qd6
22.Re3 Nf4 23.Ne4 Qd5 24.Qa4 Qf5 25.f3 Nd5 26.Re2 Nf4 27.Re3 Nd5 28.Re2 Nf4
29.Rf2 Qd5 30.Qb3  1/2-1/2

[Event "Centrocoop June op-B"]
[Site "Eforie Nord"]
[Date "1998.??.??"]
[Round "?"]
[White "Cuptov, L."]
[Black "Veneteanu, Ion Cristian"]
[Result "1/2-1/2"]
[WhiteElo "1750"]
[BlackElo "2150"]

1.e4 c5 2.Nf3 Nc6 3.Bb5 d6 4.d4 cxd4 5.Qxd4 Bg4 6.Bxc6+ bxc6 7.c4 Nf6 8.Nc3 Bxf3
9.gxf3 g6 10.Be3 Bg7 11.O-O-O O-O 12.Qd2 Qa5 13.h4 h5 14.Bh6 Rab8 15.Bxg7 Kxg7
16.f4 Qc5 17.Qd4 Qxd4 18.Rxd4 Rb4 19.b3 Rfb8 20.f3 Kf8 21.Rhd1 Ne8 22.Rg1 e6
23.Rgd1 Ke7 24.Kc2 Rd8 25.R4d3 Rb7 26.Kd2 Nc7 27.Ke3 Na6 28.Na4 Rbd7 29.R3d2 Nc7
30.Rc1 Na6 31.Rcd1 Nb8 32.Nc3 c5 33.e5 dxe5 34.fxe5 Rxd2 35.Rxd2 Rxd2 36.Kxd2 Nd7
37.f4 f6 38.exf6+ Kxf6 39.Ke3 Kf5 40.Kf3 e5 41.fxe5 Nxe5+ 42.Kg3 Nd7 43.Kf3 Ne5+
44.Kg3  1/2-1/2

[Event "Eger Agria op"]
[Site "Eger Agria"]
[Date "1998.??.??"]
[Round "4"]
[White "Szirmai, Emil"]
[Black "Besztercsenyi, Tibor"]
[Result "1/2-1/2"]
[WhiteElo "2105"]
[BlackElo "2235"]

1.e4 c5 2.Nf3 Nc6 3.Bb5 d6 4.O-O Bd7 5.Re1 g6 6.c3 Bg7 7.d4 Qb6 8.Na3 a6
9.dxc5 dxc5 10.Bc4 Qc7 11.Qd5 Ne5  1/2-1/2